Groupes politiques au Folketing du Danemark - Statistiques

Statistiques générales
  • Ce quiz a été pris 3 fois
  • Le résultat moyen est 5 sur 16
Statistiques - réponses
Députés Groupe % Correct
38 Socialdemokratiet
100%
18 Venstre
100%
5 Alternativet
33%
4 Borgernes Parti
33%
10 Danmarksdemokraterne
33%
16 Dansk Folkeparti
33%
11 Enhedslisten/de rød-grønne
33%
13 Konservative Folkeparti
33%
16 Liberal Alliance
33%
14 Moderaterne
33%
10 Radikale Venstre
33%
20 Socialistisk Folkeparti
33%
1 Inuit Ataqatigiit
0%
1 Javnaðarflokkurin
0%
1 Naleraq
0%
1 Sambandsflokkurin
0%
Aucun quiz correspondant
Distribution des résultats
% des personnes avec chaque résultat
Percentile par nombre de réponses
Votre historique - résultats
Vous n’avez pas pris ce quiz